ARRUPE JESUIT UNIVERSITY

CORONAVIRUS -STOP THE SPREAD - CLEAN,DISINFECT,COVER

This mortal flesh : (Record no. 122064)

MARC details
000 -LEADER
fixed length control field 01746cam a2200313 a 4500
001 - CONTROL NUMBER
control field 15689785
003 - CONTROL NUMBER IDENTIFIER
control field ARRUPE
005 - DATE AND TIME OF LATEST TRANSACTION
control field 20150217121834.0
008 - FIXED-LENGTH DATA ELEMENTS--GENERAL INFORMATION
fixed length control field 090407s2009 miu b 001 0 eng
010 ## - LIBRARY OF CONGRESS CONTROL NUMBER
LC control number 2009014707
020 ## - INTERNATIONAL STANDARD BOOK NUMBER
International Standard Book Number 9781587432514 (pbk.)
020 ## - INTERNATIONAL STANDARD BOOK NUMBER
International Standard Book Number 158743251X (pbk.)
035 ## - SYSTEM CONTROL NUMBER
System control number (OCoLC)ocn311752347
040 ## - CATALOGING SOURCE
Original cataloging agency DLC
Transcribing agency DLC
Modifying agency BTCTA
-- DTM
-- C#P
-- YDXCP
-- BWX
-- DLC
050 00 - LIBRARY OF CONGRESS CALL NUMBER
Classification number QH332
Item number .W38 2009
082 00 - DEWEY DECIMAL CLASSIFICATION NUMBER
Classification number 241/.64957
Edition number 22
300 ## - PHYSICAL DESCRIPTION
Dimensions 23 cm.
100 1# - MAIN ENTRY--PERSONAL NAME
Personal name Waters, Brent.
9 (RLIN) 15183
245 10 - TITLE STATEMENT
Title This mortal flesh :
Remainder of title incarnation and bioethics /
Statement of responsibility, etc Brent Waters.
260 ## - PUBLICATION, DISTRIBUTION, ETC. (IMPRINT)
Place of publication, distribution, etc Grand Rapids, Mich. :
Name of publisher, distributor, etc Brazos Press,
Date of publication, distribution, etc c2009.
300 ## - PHYSICAL DESCRIPTION
Extent 205 p. ;
504 ## - BIBLIOGRAPHY, ETC. NOTE
Bibliography, etc Includes bibliographical references (p. 197-202) and index.
505 0# - FORMATTED CONTENTS NOTE
Formatted contents note How brave a new world? : God, technology, and medicine -- A theological reflection on reproductive medicine -- Are our genes our fate? : genomics and Christian theology -- Persons, neighbors, and embryos : some ethical reflections on human cloning and stem cell research -- Extending human life : to what end? -- What is Christian about Christian bioethics? -- Revitalizing medicine : empowering natality vs. fearing mortality -- The future of the human species -- Creation, creatures, and creativity : the Word and the final Word.
650 #0 - SUBJECT ADDED ENTRY--TOPICAL TERM
Topical term or geographic name as entry element Bioethics
General subdivision Religious aspects
-- Christianity.
9 (RLIN) 15184
650 #0 - SUBJECT ADDED ENTRY--TOPICAL TERM
Topical term or geographic name as entry element Medical ethics
General subdivision Religious aspects
-- Christianity.
9 (RLIN) 15185
650 #0 - SUBJECT ADDED ENTRY--TOPICAL TERM
Topical term or geographic name as entry element Christian ethics.
9 (RLIN) 15186
906 ## - LOCAL DATA ELEMENT F, LDF (RLIN)
a 7
b cbc
c orignew
d 1
e ecip
f 20
g y-gencatlg
942 ## - ADDED ENTRY ELEMENTS (KOHA)
Source of classification or shelving scheme Library of Congress Classification
Koha item type Monograph ( Printed materials)
Holdings
Withdrawn status Lost status Source of classification or shelving scheme Damaged status Not for loan Collection code Home library Current library Shelving location Date acquired Total Checkouts Full call number Barcode Date last seen Date checked out Price effective from Koha item type
    Library of Congress Classification     Main Collection ARRUPE LIBRARY ARRUPE LIBRARY Main Collection 17/02/2015 1 QH332 .W38 2009 46500002949 02/07/2019 07/12/2015 17/02/2015 Monograph ( Printed materials)

 

Arrupe Library. PO Box MP320 Mt Pleasant, Harare, Zimbabwe
263 242 745411|librarian@aju.ac.zw